Catálogo
 En Linea

Derechos fundamentales del ciudadano ante la Administración Pública : (Registro nro. 60825)

Detalles MARC
000 -CABECERA
campo de control de longitud fija 01752nam a2200325 i 4500
003 - IDENTIFICADOR DEL NÚMERO DE CONTROL
campo de control DO-SdBNP
005 - FECHA Y HORA DE LA ÚLTIMA TRANSACCIÓN
campo de control 20260526113910.0
007 - CAMPO FIJO DE DESCRIPCIÓN FÍSICA--INFORMACIÓN GENERAL
campo de control de longitud fija ta
008 - DATOS DE LONGITUD FIJA--INFORMACIÓN GENERAL
campo de control de longitud fija 260526e2025 dr ||||gr|||||||| |bspa d
020 ## - NÚMERO INTERNACIONAL ESTÁNDAR DEL LIBRO
Número Internacional Estándar del Libro 9789945651683
040 ## - FUENTE DE LA CATALOGACIÓN
Centro catalogador/agencia de origen DO-SdBNP
Lengua de catalogación spa
Centro/agencia transcriptor BNPHU
Normas de descripción rda
041 ## - CÓDIGO DE LENGUA
Código de lengua del texto/banda sonora o título independiente spa
082 ## - NÚMERO DE LA CLASIFICACIÓN DECIMAL DEWEY
Número de documento/Ítem N714d 2005
Número de edición 22
100 ## - ENTRADA PRINCIPAL--NOMBRE DE PERSONA
Nombre de persona Nina Cruz, Geovanny
9 (RLIN) 89763
Término indicativo de función/relación autor
245 ## - MENCIÓN DE TÍTULO
Título Derechos fundamentales del ciudadano ante la Administración Pública :
Resto del título visión del Tribunal Constitucional Dominicano (2012-2022) /
Mención de responsabilidad, etc. Geovanny Nina Cruz. Tribunal Constitucional Dominicano.
264 ## - PRODUCCIÓN, PUBLICACIÓN, DISTRIBUCIÓN, FABRICACIÓN Y COPYRIGHT
Producción, publicación, distribución, fabricación y copyright Santo Domingo, República Dominicana :
Nombre del de productor, editor, distribuidor, fabricante Tribunal Constitucional Dominicano,
Fecha de producción, publicación, distribución, fabricación o copyright 2025.
300 ## - DESCRIPCIÓN FÍSICA
Extensión 883 páginas ;
Dimensiones 23 cm.
336 ## - TIPO DE CONTENIDO
Término de tipo de contenido texto
Código de tipo de contenido txt
Fuente rdacontent
337 ## - TIPO DE MEDIO
Nombre/término del tipo de medio sin mediación
Código del tipo de medio n
Fuente rdamedia
338 ## - TIPO DE SOPORTE
Nombre/término del tipo de soporte volumen
Código del tipo de soporte nc
Fuente rdacarrier
490 ## - MENCIÓN DE SERIE
Mención de serie Derechos fundamentales
500 ## - NOTA GENERAL
Nota general Incluye biografía del autor en la solapa.
500 ## - NOTA GENERAL
Nota general Incluye tabla de contenido.
520 ## - SUMARIO, ETC.
Sumario, etc. El presente texto consiste en mostrar de una manera sistemática y resumida las principales decisiones del Tribunal Constitucional en materia de derechos fundamentales cuando el ciudadano ha reclamado ante la jurisdicción constitucional vulneraciones por parte de la Administración Pública.<br/>El texto abarca todas las sentencias que desde el año 2012 hasta el año 2022 ha emitido el Tribunal Constitucional cuando ha sido apoderado de un conflicto entre los ciudadanos frente a la administración pública.
590 ## - NOTA LOCAL (RLIN)
Nota local Inventariado, 2026/WG.
650 #0 - PUNTO DE ACCESO ADICIONAL DE MATERIA--TÉRMINO DE MATERIA
Término de materia o nombre geográfico como elemento de entrada Derecho
9 (RLIN) 24051
Subdivisión geográfica República Dominicana
650 #0 - PUNTO DE ACCESO ADICIONAL DE MATERIA--TÉRMINO DE MATERIA
Término de materia o nombre geográfico como elemento de entrada Administración pública
9 (RLIN) 9266
Subdivisión geográfica República Dominicana
710 ## - PUNTO DE ACCESO ADICIONAL--NOMBRE DE ENTIDAD CORPORATIVA
Nombre de entidad corporativa o nombre de jurisdicción como elemento de entrada Tribunal Constitucional de la República Dominicana
9 (RLIN) 87774
942 ## - ELEMENTOS DE PUNTO DE ACCESO ADICIONAL (KOHA)
Fuente del sistema de clasificación o colocación Dewey Decimal Classification
Tipo de ítem Koha Libro
Existencias
Estado de retiro Estado de pérdida Fuente del sistema de clasificación o colocación Restricciones de uso No para préstamo Código de colección Localización permanente Ubicación/localización actual Ubicación en estantería Fecha de adquisición Total de préstamos Signatura topográfica completa Código de barras Fecha visto por última vez Precio válido a partir de Tipo de ítem Koha Número de copia
    Dewey Decimal Classification Excluido de préstamo   Patrimonio Dominicano Biblioteca Nacional Pedro Henríquez Ureña Biblioteca Nacional Pedro Henríquez Ureña En catalogación 26.05.2026   N714d 2005 2026-4596 26.05.2026 26.05.2026 Libro  
    Dewey Decimal Classification Excluido de préstamo   Patrimonio Dominicano Biblioteca Nacional Pedro Henríquez Ureña Biblioteca Nacional Pedro Henríquez Ureña En catalogación 26.05.2026   N714d 2005 2026-4597 26.05.2026 26.05.2026 Libro e.2
    Dewey Decimal Classification Excluido de préstamo   Patrimonio Dominicano Biblioteca Nacional Pedro Henríquez Ureña Biblioteca Nacional Pedro Henríquez Ureña En catalogación 26.05.2026   N714d 2005 2026-4598 26.05.2026 26.05.2026 Libro e.3

Con tecnología Koha